Arrullo para la noche tóxica / (Record no. 376)
[ view plain ]
| 000 -LEADER | |
|---|---|
| campo de control de longitud fija | 00850cam a2200277Ia 4500 |
| 001 - NÚMERO DE CONTROL | |
| campo de control | 5624356 |
| 005 - FECHA Y HORA DE LA ÚLTIMA TRANSACCIÓN | |
| campo de control | 20220326193307.0 |
| 008 - DATOS DE LONGITUD FIJA--INFORMACIÓN GENERAL | |
| campo de control de longitud fija | 060502s2005 cr 000 p spa d |
| 020 ## - NÚMERO INTERNACIONAL ESTÁNDAR DEL LIBRO | |
| Número Internacional Estándar del Libro | 9968834750 |
| 035 ## - NÚMERO DE CONTROL DEL SISTEMA | |
| Número de control de sistema | (OCoLC)ocm68034521 |
| 035 ## - NÚMERO DE CONTROL DEL SISTEMA | |
| Número de control de sistema | (NNC)5624356 |
| 040 ## - FUENTE DE CATALOGACIÓN | |
| Centro catalogador/agencia de origen | IXA |
| Centro/agencia transcriptor | IXA |
| 082 ## - NÚMERO DE LA CLASIFICACIÓN DECIMAL DEWEY | |
| Número de clasificación | 861.44 |
| Número de ítem | T787a |
| 090 ## - LOCALMENTE ASIGNADO TIPO-LC NÚMERO DE CLASIFICACIÓN (OCLC); NÚMERO DE CLASIFICACIÓN LOCAL (RLIN) | |
| Número de clasificación (OCLC) (R) ; Numero de clasificación, CALL (RLIN) (NR) | PQ7489.2.T74 |
| Número cutter local (OCLC) ; Número de libro/Signatura topográfica íntegra, CALL (RLIN) | A77 2005 |
| 100 1# - ENTRADA PRINCIPAL--NOMBRE DE PERSONA | |
| Nombre de persona | Trejos, Alfredo, |
| Fechas asociadas al nombre | 1977- |
| 9 (RLIN) | 1714 |
| 245 10 - MENCIÓN DEL TÍTULO | |
| Título | Arrullo para la noche tóxica / |
| Mención de responsabilidad, etc. | Alfredo Trejos. |
| 260 ## - PUBLICACIÓN, DISTRIBUCIÓN, ETC. | |
| Lugar de publicación, distribución, etc. | San José, Costa Rica : |
| Nombre del editor, distribuidor, etc. | Ediciones Perro Azul, |
| Fecha de publicación, distribución, etc. | c2005. |
| 300 ## - DESCRIPCIÓN FÍSICA | |
| Extensión | 80 p. ; |
| Dimensiones | 21 cm. |
| 490 1# - MENCIÓN DE SERIE | |
| Mención de serie | Colección de poesía |
| 650 ## - PUNTO DE ACCESO ADICIONAL DE MATERIA--TÉRMINO DE MATERIA | |
| Término de materia o nombre geográfico como elemento de entrada | Lteratura |
| Subdivisión general | Poesía |
| Subdivisión geográfica | Costa Rica |
| 9 (RLIN) | 1790 |
| 700 ## - ENTRADA AGREGADA--NOMBRE PERSONAL | |
| Nombre de persona | Trejos, Alfredo, |
| 9 (RLIN) | 1715 |
| 830 #0 - PUNTO DE ACCESO ADICIONAL DE SERIE-TÍTULO UNIFORME | |
| Título uniforme | Colección de poesía (Ediciones Perro Azul) |
| 9 (RLIN) | 878 |
| 948 1# - PROCESAMIENTO DE INFORMACIÓN LOCAL (OCLC); DESIGNADOR DE PARTE DE LA SERIE (RLIN) | |
| Designador de la parte de la serie, SPT (RLIN) | 20060512 |
| b (OCLC) | c |
| c (OCLC) | as2107 |
| d (OCLC) | MPS |
| 948 2# - PROCESAMIENTO DE INFORMACIÓN LOCAL (OCLC); DESIGNADOR DE PARTE DE LA SERIE (RLIN) | |
| Designador de la parte de la serie, SPT (RLIN) | 20110701 |
| b (OCLC) | l |
| c (OCLC) | dem5 |
| d (OCLC) | MPS |
| Estatus retirado | Estado de pérdida | Fuente del sistema de clasificación o colocación | Estado de daño | No para préstamo | Biblioteca de origen | Biblioteca actual | Ubicación en estantería | Fecha de adquisición | Total de préstamos | Signatura topográfica completa | Código de barras | Visto por última vez | Precio de reemplazo | Tipo de ítem Koha |
|---|---|---|---|---|---|---|---|---|---|---|---|---|---|---|
| Clasificación Decimal Dewey | Biblioteca LadoV | Biblioteca LadoV | 27/11/2014 | 861.44 T787a | 000509 | 27/11/2014 | 27/11/2014 | Material 01 |
